| 000 | 00660nam a2200205 a 4500 | ||
|---|---|---|---|
| 008 | 960412s1996 m yxo ap r y 0 slo c | ||
| 020 |
_a8071182796 _c59 |
||
| 040 |
_aSNK _bslo _cSNK _eAACR2 |
||
| 041 | 1 |
_aslo _hger |
|
| 044 |
_axo _cSK |
||
| 080 | _a641.4(083.12) | ||
| 110 | 0 |
_aDr. Oetker _4aut |
|
| 245 | 1 | 0 |
_aZaváranie _bsladké a pikantné _cDr. Oetker ; [z nemeckého originálu preložila Ľudmila Strukelyová] |
| 260 |
_aBratislava _bIKAR _c1996 |
||
| 300 |
_a109 s. _bFotogr., tab. _c22 cm |
||
| 500 | _aÚdaj o prekl. prevzatý z tiráže | ||
| 650 | 0 | 7 |
_akonzervovanie _xknihy kuchárske _2SNK |
| 700 | 1 |
_aStrukelyová, Ľudmila _4trl |
|
| 958 | _aAPP | ||
| 999 |
_c20066 _d20066 |
||